[Event "Hospitalet op"]
[Site "Hospitalet"]
[Date "2008.12.27"]
[Round "1"]
[White "Torres Herrero, Joan Manel"]
[Black "Capellades Subirana, Marc"]
[Result "0-1"]
[WhiteElo "1883"]
[BlackElo "2163"]
[PlyCount "58"]
[EventDate "2008.12.27"]
[EventType "swiss"]
[EventRounds "9"]
[EventCountry "ESP"]
[SourceTitle "CBM 128 Extra"]
[Source "ChessBase"]
[SourceDate "2009.03.05"]
[SourceVersion "2"]
[SourceVersionDate "2009.03.25"]
[SourceQuality "1"]

1. e4 e5 2. Nf3 Nc6 3. Bc4 Bc5 4. c3 Nf6 5. d4 exd4 6. cxd4 Bb4+ 7. Bd2 Bxd2+ 8. Nbxd2 d6 9. 0-0 0-0 10. a3 Bg4 11. Qc2 Bh5 12. Rac1 Rc8 13. e5 dxe5 14. dxe5 Nd7 15. e6 fxe6 16. Bxe6+ Bf7 17. Bxf7+ Rxf7 18. Ne4 h6 19. b4 Rxf3 20. gxf3 Nde5 21. f4 Nf3+ 22. Kg2 Kh8 23. Rcd1 Ncd4 24. Qc4 Qd7 25. h3 Rd8 26. Rh1 Qf5 27. Qxc7 Re8 28. Ng3 Nh4+ 29. Kf1 Qb5+ 0-1

[Event "Llobregat op 1st"]
[Site "Llobregat"]
[Date "2007.12.29"]
[Round "4"]
[White "Rodriguez Martin, Manuel Maria"]
[Black "Torres Herrero, Joan Manel"]
[Result "0-1"]
[WhiteElo "1899"]
[BlackElo "1924"]
[PlyCount "64"]
[EventDate "2007.12.26"]
[EventType "swiss"]
[EventRounds "9"]
[EventCountry "ESP"]
[SourceTitle "CBM 122 Extra"]
[Source "ChessBase"]
[SourceDate "2008.03.04"]
[SourceVersion "1"]
[SourceVersionDate "2008.03.04"]
[SourceQuality "1"]

1. e4 d6 2. d4 Nf6 3. Nc3 g6 4. Be2 Bg7 5. Be3 Nbd7 6. Qd2 c6 7. g4 h5 8. gxh5 Nxh5 9. Bxh5 Rxh5 10. Nge2 b5 11. Ng3 Rh8 12. 0-0-0 Qa5 13. Kb1 Nb6 14. Nce2 Qxd2 15. Bxd2 Bg4 16. h4 Bf3 17. Rh2 Bf6 18. Bc3 0-0-0 19. Rd3 Bxe2 20. Nxe2 Bxh4 21. d5 Bf6 22. Rxh8 Rxh8 23. b3 Rh1+ 24. Kb2 Bxc3+ 25. Nxc3 b4 26. Ne2 c5 27. c4 Nd7 28. f4 Rh2 29. Re3 Nf6 30. e5 Ng4 31. Re4 Nf2 32. Re3 Nd1+ 0-1